LDR 00586naa#a2200169#i#450# 001 EN\\bibl\113148 005 20260428073524.2 011 ## _a2311-1402 100 ## _a20101225b2010####ek#y0engy0150####ca 101 0# _aRUS 102 ## _aRU 200 1# _aKlimov E.V. Religioznaya reforma velikogo kievskogo knyazya Vladimira I i khristianizatsiya Drevney Rusi. Torzhok: OOO «Torzhokskaya tipografiya», 2008 _eJournal article 210 1# _aNizhnevartovsk _cNizhnevartovsk State University _d2010 215 ## _a1 с. 608 ## _aJournal article _2local 700 #1 _aGrebenyukov _gV I 856 4# _anvsu.editorum.ru _u